000 00333nam a22001457a 4500
003 SGT
020 _a9780199490493
082 _a342.0954
_bJ19R
100 _aRANJAN, SUDHANSHU
245 _aJUSTICE VS JUDICIARY
260 _aINDIA
_bOXFORD UNIVERSITY
_c2019
300 _a384
650 _aINDIAN CONSTITUTION
942 _2ddc
_cBK
999 _c26209
_d26209